000 00337nam a2200133Ia 4500
008 230818s1999 xx 000 0 und d
041 _aeng
100 _aTownsend / Roth
245 _aNutrition & Diet Therapy
260 _bDelmar pub. Bestan
_c1999
300 _a480p
520 _aHard Board | Reference Copy
999 _c854536
_d854536
650 _aFood Safety